Countries By 3 Clues - Statistics

General Stats
  • This quiz has been taken 68 times
    49 since last reset
  • The average score is 13 of 15
Answer Stats
Hint Country % Correct
Dragon, Mao Zedong, Gobi China
100%
Arabic, Cleopatra, Pharaoh Egypt
100%
Cow, Bollywood, Ganges India
100%
Mexico, Canada, 50 United States
100%
Yen, Sumo, Geisha Japan
98%
Portuguese, Pelé, Favela Brazil
95%
Tijuana, Rio Grande, Carlos Slim Mexico
93%
Urdu, Indus, Lahore Pakistan
90%
Mekong, Nguyen, Communist Party Vietnam
90%
KGB, Gulags, Urals Russia
88%
Chittagong, Taka, Dhaka Bangladesh
79%
Oil, Igbo, Abuja Nigeria
71%
Haile Selassie, Lucy, Amharic Ethiopia
67%
Rupiah, Lake Toba, Sulawesi Indonesia
60%
Bonobo, Mobutu Sese Seko, Okapi Democratic Republic of Congo
40%
No matching quizzes found
Score Distribution
Percent of People with Each Score
Percentile by Number Answered
Your Score History
You have not taken this quiz since the last reset